Normal view
MARC view
- Coward N.
Entry Personal Name
001 - CONTROL NUMBER
- control field: 32509
003 - CONTROL NUMBER IDENTIFIER
- control field: IT-RoPau
005 - DATE AND TIME OF LATEST TRANSACTION
- control field: 20140701095224.0
008 - FIXED-LENGTH DATA ELEMENTS
- fixed length control field: 140701|| aca||aabn | a|a d
040 ## - CATALOGING SOURCE
- Original cataloging agency: IT-RoPau
- Transcribing agency: IT-RoPau
100 ## - HEADING--PERSONAL NAME
- Personal name: Coward N.
- Dates associated with a name: Codice autore testo/musica SPICS: 14417
- Relator term: Autore testo/musica
- Name of part/section of a work: Mad About the Boy
670 ## - SOURCE DATA FOUND
- Source citation: Work cat.: (IT-RoPau)99245: AA.VV. 794, Top of the Spot estate